| 000 | 00671nam a2200205 a 4500 | ||
|---|---|---|---|
| 005 | 20140412111311.0 | ||
| 008 | 010416s19uu xx 00 eng d | ||
| 020 | _a0-917846-56-7 | ||
| 050 |
_aM 372.13 _bS76 1996 |
||
| 100 | _aStory-Huffman, Ru | ||
| 245 |
_aNursery rhyme time / _cRu Story-Huffman; illustrated by Nancy Story. |
||
| 260 |
_aFort Atkinson, Wiscosin : _bAlleyside Press, _c1996. |
||
| 300 | _a87p. ; ill. | ||
| 500 | _aIncludes bibliographical refences | ||
| 650 | _aCreative activities and seatwork | ||
| 650 | _aNursery rhymes--Study and teaching (Preschool) | ||
| 650 | _aFinger play | ||
| 650 | _aLanguage arts (Preschool) | ||
| 999 |
_c103984 _d103984 |
||